Les refs groupe C - Statistiques

Statistiques générales
  • Ce quiz a été pris 5 fois
  • Le résultat moyen est 8 sur 11
Statistiques - réponses
Hint Réponse % Correct
nombre d'heures de CM d'Ilan 0
100%
nombres d'heures de CM de Ousmane 0
100%
la dalle de la Berthance sur 10 11
100%
le crush de Clara etienne
100%
idole de la Matrance edgar
80%
Ce que n'a pas la copine de Jojothev soutif
80%
plus d'heures cumulés la dessus que d'heures de CM (pour le groupe) JKLM
60%
surnom de Jojothev la bardellance
60%
taille de Mathéo nain
60%
village de Jojothev Pont-trambouze
60%
spécialité de Lilouan disparition
20%
Aucun quiz correspondant
Distribution des résultats
% des personnes avec chaque résultat
Percentile par nombre de réponses
Votre historique - résultats
Vous n’avez pas pris ce quiz